An encyclopedia of fairies : hobgoblins, brownies, bogies, and other supernatural creatures /

Bibliographic Details
Main Author: Briggs, Katharine Mary
Format: Book
Language:English
Published: New York : Pantheon Books, [1976]
Edition:1st American ed.
Subjects:

MARC

Tag First Indicator Second Indicator Subfields
LEADER 00000pam a2200000 i 4500
001 in00000099866
005 20150926125631.0
008 760910r1976 nyuaf bd 00110 eng
010 |a  76012939  
020 |a 0394409183 
035 |a (OCoLC)02493210 
035 |9 AAL4028AM 
040 |a DLC  |c DLC  |d TXA  |d UtOrBLW 
049 |a TXAM [Also in] [Sp Coll]  |c 1 [976733]  |a TXAS  |c 2 [1102211] 
050 0 0 |a GR549  |b .B74 1976b 
082 0 |a 398.2/1/03 
100 1 |a Briggs, Katharine Mary. 
240 1 2 |a A dictionary of fairies 
245 1 3 |a An encyclopedia of fairies :  |b hobgoblins, brownies, bogies, and other supernatural creatures /  |c Katharine Briggs. 
250 |a 1st American ed. 
264 1 |a New York :  |b Pantheon Books,  |c [1976] 
264 4 |c ©1976 
300 |a xiii, 481 pages, 8 unnumbered leaves of plates :  |b illustrations ;  |c 25 cm. 
336 |a text  |b txt  |2 rdacontent 
337 |a unmediated  |b n  |2 rdamedia 
338 |a volume  |b nc  |2 rdacarrier 
500 |a First edition published under title: A dictionary of fairies. 
500 |a Includes index. 
504 |a Bibliography: pages [455]-462. 
536 |a This book is given through the estate of M.D. "Bert" Wheeler, College Station, TX, 1999. 
650 0 |a Fairies  |x Dictionaries. 
999 |a MARS 
999 f f |s e7e7613a-82a5-3873-8926-4c21f7b1d663  |i 37a8c4ed-b1e9-371f-9a45-7a289e7c544a  |t 0 
952 f f |p noncirc  |a Texas A&M University  |b College Station  |c Cushing Memorial Library & Archives  |s cush scif  |d Cushing: Science Fiction (Does not check out)  |t 0  |e GR549 .B74 1976b  |h Library of Congress classification  |i unmediated -- volume  |m A14800363015 
952 f f |p normal  |a Texas A&M University  |b College Station  |c Sterling C. Evans Library  |s Evans stk  |d Evans: Library Stacks  |t 0  |e GR549 .B74 1976b  |h Library of Congress classification  |i unmediated -- volume  |m A14826902293 
998 f f |a GR549 .B74 1976b  |t 0  |l Cushing: Science Fiction (Does not check out) 
998 f f |a GR549 .B74 1976b  |t 0  |l Evans: Library Stacks